000
00332nam a2200145Ia 4500
008
150201s2011 xx 000 0 und d
082
_a
615
_b
P11P
100
_a
SAMPATH, K
245
_a
PHARMACEUTICAL JURISPRUDENCE
250
_a
3
260
_b
BIRLA
_a
DELHI
_c
2011
300
_a
1-284
650
_a
Pharmacology
942
_2
ddc
_c
BK
999
_c
1241
_d
1241